Top 15 Länder mit Covid-19-Todesfällen - 3. November 2021 - Statistiken

Allgemein
  • Dieses Quiz wurde 16 mal gespielt
  • Das Durchschnittsergebnis liegt bei 16 aus 25
Antwortstatistiken
Land % Korrekt
Deutschland
100%
Russland
100%
Vereinigtes Königreich
100%
Vereinigte Staaten
100%
Frankreich
93%
Italien
93%
Brasilien
86%
Mexiko
86%
Argentinien
71%
Indien
71%
Iran
64%
Kolumbien
64%
Südafrika
57%
Kroatien
50%
Peru
50%
Tschechien
50%
Ungarn
50%
Slowakei
43%
Slowenien
43%
Bosnien und Herzegowina
36%
Bulgarien
36%
Indonesien
36%
Georgien
29%
Rumänien
29%
Nordmazedonien
21%
Keine übereinstimmenden Quizze gefunden
Verteilung der Resultate
Anzahl Personen mit jedem Resultat
Perzentil nach korrekt beantworteten Fragen
Ihre Resultats-Entwicklung
Sie haben dieses Quiz noch nicht gespielt